Sinnoh Pokedex Quiz - Statistics

General Stats
  • This quiz has been taken 404 times
  • The average score is 153 of 210
Answer Stats
Dex # Pokemon Type % Correct
1 Turtwig Grass
96%
4 Chimchar Fire
95%
7 Piplup Water
95%
6 Infernape Fire/Fighting
94%
3 Torterra Grass/Ground
94%
5 Monferno Fire/Fighting
93%
8 Prinplup Water
93%
12 Staraptor Normal/Flying
93%
11 Staravia Normal/Flying
93%
10 Starly Normal/Flying
93%
9 Empoleon Water/Steel
92%
13 Bidoof Normal
90%
2 Grotle Grass
89%
19 Luxray Electric
89%
150 Palkia Water/Dragon
89%
26 Roselia Grass/Poison
89%
14 Bibarel Normal/Water
88%
149 Dialga Steel/Dragon
88%
18 Luxio Electric
88%
27 Roserade Grass/Poison
88%
17 Shinx Electric
88%
35 Steelix Steel/Ground
88%
25 Budew Grass/Poison
87%
31 Geodude Rock/Ground
87%
33 Golem Rock/Ground
87%
34 Onix Rock/Ground
87%
110 Gabite Dragon/Ground
86%
111 Garchomp Dragon/Ground
86%
109 Gible Dragon/Ground
86%
32 Graveler Rock/Ground
86%
116 Lucario Fighting/Steel
86%
115 Riolu Fighting
86%
210 Giratina Ghost/Dragon
85%
20 Abra Psychic
84%
30 Crobat Poison/Flying
84%
21 Kadabra Psychic
84%
15 Kricketot Bug
84%
16 Kricketune Bug
84%
42 Machamp Fighting
84%
41 Machoke Fighting
84%
40 Machop Fighting
84%
23 Magikarp Water
84%
28 Zubat Poison/Flying
84%
22 Alakazam Psychic
83%
71 Gengar Ghost
83%
24 Gyarados Water/Flying
83%
70 Haunter Ghost
83%
69 Gastly Ghost
82%
29 Golbat Poison/Flying
82%
104 Pikachu Electric
82%
36 Cranidos Rock
81%
208 Froslass Ice/Ghost
81%
108 Spiritomb Ghost/Dark
81%
143 Abomasnow Grass/Ice
80%
56 Buizel Water
80%
202 Magmortar Fire
80%
90 Ponyta Fire
80%
105 Raichu Electric
80%
37 Rampardos Rock
80%
38 Shieldon Rock/Steel
80%
199 Electivire Electric
79%
86 Meditite Fighting/Psychic
79%
91 Rapidash Fire
79%
39 Bastiodon Rock/Steel
78%
197 Elekid Electric
78%
57 Floatzel Water
78%
200 Magby Fire
78%
201 Magmar Fire
78%
87 Medicham Fighting/Psychic
78%
103 Pichu Electric
78%
206 Snorunt Ice
78%
99 Cleffa Fairy
77%
160 Gallade Psychic/Fighting
77%
61 Gastrodon Water/Ground
77%
49 Silcoon Bug
77%
142 Snover Grass/Ice
77%
175 Togekiss Fairy/Flying
77%
45 Burmy Bug
76%
51 Cascoon Bug
76%
198 Electabuzz Electric
76%
207 Glalie Ice
76%
75 Honchkrow Dark/Flying
76%
169 Leafeon Grass
76%
178 Magnemite Electric/Steel
76%
179 Magneton Electric/Steel
76%
180 Magnezone Electric/Steel
76%
73 Mismagius Ghost
76%
74 Murkrow Dark/Flying
76%
173 Togepi Fairy
76%
48 Wurmple Bug
76%
88 Bronzor Steel/Psychic
75%
101 Clefable Fairy
75%
100 Clefairy Fairy
75%
129 Croagunk Poison/Fighting
75%
52 Dustox Bug/Poison
75%
163 Eevee Normal
75%
166 Flareon Fire
75%
170 Glaceon Ice
75%
205 Mamoswine Ice/Ground
75%
157 Ralts Psychic/Fairy
75%
152 Rotom Electric/Ghost
75%
196 Scizor Bug/Steel
75%
60 Shellos Water
75%
164 Vaporeon Water
75%
145 Weavile Dark/Ice
75%
46 Wormadam Bug/Grass
75%
50 Beautifly Bug/Flying
74%
159 Gardevoir Psychic/Fairy
74%
165 Jolteon Electric
74%
158 Kirlia Psychic/Fairy
74%
204 Piloswine Ice/Ground
74%
144 Sneasel Dark/Ice
74%
203 Swinub Ice/Ground
74%
148 Azelf Psychic
73%
89 Bronzong Steel/Psychic
73%
53 Combee Bug/Flying
73%
72 Misdreavus Ghost
73%
195 Scyther Bug/Flying
73%
174 Togetic Fairy/Flying
73%
130 Toxicroak Poison/Fighting
73%
168 Umbreon Dark
73%
167 Espeon Psychic
72%
177 Houndoom Dark/Fire
72%
146 Uxie Psychic
72%
128 Drapion Poison/Dark
71%
154 Gliscor Ground/Flying
71%
62 Heracross Bug/Fighting
71%
147 Mesprit Psychic
71%
120 Pelipper Water/Flying
71%
127 Skorupi Poison/Bug
71%
54 Vespiquen Bug/Flying
71%
119 Wingull Water/Flying
71%
65 Drifloon Ghost/Flying
70%
176 Houndour Dark/Fire
70%
84 Stunky Poison/Dark
70%
47 Mothim Bug/Flying
69%
112 Munchlax Normal
69%
55 Pachirisu Electric
69%
77 Purugly Normal
69%
188 Rhyperior Ground/Rock
69%
66 Drifblim Ghost/Flying
68%
76 Glameow Normal
68%
153 Gligar Ground/Flying
68%
95 Mr. Mime Psychic/Fairy
68%
118 Quagsire Water/Ground
68%
187 Rhydon Ground/Rock
68%
85 Skuntank Poison/Dark
68%
113 Snorlax Normal
68%
136 Tentacool Water/Poison
68%
137 Tentacruel Water/Poison
68%
117 Wooper Water/Ground
68%
94 Mime Jr. Psychic/Fairy
67%
97 Chansey Normal
66%
58 Cherubi Grass
66%
191 Dusknoir Ghost
66%
186 Rhyhorn Ground/Rock
66%
189 Duskull Ghost
65%
44 Golduck Water
65%
96 Happiny Normal
65%
122 Hippopotas Ground
65%
43 Psyduck Water
65%
98 Blissey Normal
64%
59 Cherrim Grass
64%
190 Dusclops Ghost
64%
138 Feebas Water
64%
123 Hippowdon Ground
64%
125 Marill Water/Fairy
64%
139 Milotic Water
64%
126 Azumarill Water/Fairy
63%
124 Azurill Normal/Fairy
62%
80 Barboach Water/Ground
61%
134 Finneon Water
61%
67 Buneary Normal
60%
135 Lumineon Water
60%
141 Mantine Water/Flying
60%
140 Mantyke Water/Flying
60%
81 Whiscash Water/Ground
60%
171 Swablu Normal/Flying
59%
185 Tropius Grass/Flying
59%
172 Altaria Dragon/Flying
58%
82 Chingling Psychic
58%
151 Manaphy Water
58%
155 Nosepass Rock
58%
156 Probopass Rock/Steel
58%
184 Yanmega Bug/Flying
58%
83 Chimecho Psychic
57%
121 Girafarig Normal/Psychic
57%
78 Goldeen Water
57%
68 Lopunny Normal
57%
79 Seaking Water
57%
182 Tangrowth Grass
57%
183 Yanma Bug/Flying
57%
131 Carnivine Grass
55%
102 Chatot Normal/Flying
55%
181 Tangela Grass
55%
93 Sudowoodo Rock
54%
63 Aipom Normal
53%
64 Ambipom Normal
53%
92 Bonsly Rock
53%
106 Hoothoot Normal/Flying
52%
107 Noctowl Normal/Flying
52%
132 Remoraid Water
52%
133 Octillery Water
50%
162 Lickilicky Normal
47%
192 Porygon Normal
47%
161 Lickitung Normal
46%
194 Porygon-Z Normal
46%
193 Porygon2 Normal
45%
209 Absol Dark
41%
114 Unown Psychic
38%
No matching quizzes found
Score Distribution
Percent of People with Each Score
Percentile by Number Answered
Your Score History
You have not taken this quiz